000 00406nam a2200169Ia 4500
003 GCL
008 140319s9999 xx 000 0 eng d
040 _aGCL /
_cGCL
082 0 4 _a741.24
_bW P
100 1 _aWOODS, MICHAEL
245 1 0 _aPENCIL DRAWING /
_cWOODS, MICHAEL
260 _a[S.N] :
_bB.T.BATSFORD LTD ،
_c1989
300 _a118 PP
650 0 4 _aDRAWING
650 0 4 _aARTS
942 _2ddc
_cBK
999 _c18872
_d18872